00231nam a2200097Ia 4500008004100000041001200041100001600053245005200069260000600121650000600127221030s9999 xx 000 0 und d aEnglish aR. P. Singh 0aDigital Power System Protectioncby R. P. Singh c0 aB